00397nam a22001457a 4500003000600000005001700006008004100023040000800064082001900072100001700091245004100108260005200149300002700201650002300228GBCCL20241126110620.0180710b ||||| |||| 00| 0 eng d cGBC aVER 248.4bNGU aNgulthuam, V aInkuan Toupa Bawl Ahi/cV. Ngulthuam aChurachandpur:bPublished by the Author,c2010. ai, 60 p.;c13 x 20 cm. aChristian - Family